| 000 | 00786cam a22002411 4500 | ||
|---|---|---|---|
| 001 | 0000004343 | ||
| 005 | 20170406115742.0 | ||
| 008 | 750514s1958 xx 000 0 eng | ||
| 010 | _a 59000057 | ||
| 035 | _9(DLC) 59000057 | ||
| 035 | _a(OCoLC)1331949 | ||
| 040 |
_aDLC _cOCU _dDLC |
||
| 042 | _aemarc=LC PreMARC Retrospective Conversion Project | ||
| 050 | 0 | 0 |
_aDA68.32.K6 _bM3 1958 |
| 082 | 0 | _a923.542 | |
| 100 | 1 |
_aMagnus, Philip Montefiore, _cSir, bart., _d1906-. |
|
| 245 | 0 | 0 |
_aKitchener: portrait of an imperialist / _c[by] Philip Magnus. |
| 260 |
_aLondon : _bJ. Murray, _c[c1958] |
||
| 300 |
_a410 p. : _billus. ; _c23 cm. |
||
| 504 | _aBibliographical footnotes. | ||
| 600 | 1 | 0 |
_aKitchener, Horatio Herbert Kitchener, _cEarl, _d1850-1916. |
| 908 | _a140910 | ||
| 999 |
_c4175 _d4175 |
||